000 00757nam a22002777a 4500
001 BR9507610
003 BR-BrBNA
005 20230928095112.0
007 ta
008 230509b bl.||||| |||| 00| 0 por d
040 _aBR-BrBNA
_bpor
_cBiblioteca Nacional de Agricultura
041 _a(Por)
072 _aF30; F01
090 _ F30 BR9507610
110 1 _aFaculdade de Ciencias Agrarias do Para, Belem (Brasil)
245 1 _aConvenio EMBRATER/FCAP - Seringueira. Relatorio bienal 1986/1987
260 3 _aBelem, PA (Brasil):
_c1988.
300 _a193 p.
650 _aSeringueira
650 _aComportamento de Variedade
650 _aClone
650 _aLatex
650 _aSangria
909 _a202309
_bLucia
_c55
_dLucia Elande
942 _cBK
999 _c54530
_d54530